Market report : industrial chemicals 1994.

Bibliographic Details
Format: Book
Published: Ontario: Trade Facilitation Office Canada, 1994.
Subjects:
LEADER 00458cam a2200157 7i4500
001 0000003031
005 19991025090000.0
002 ##000004354
020 0 0 |a T000004053  
090 0 0 |a P 540   |b IND 
245 0 0 |a Market report :   |b industrial chemicals 1994. 
260 0 0 |a Ontario:   |b Trade Facilitation Office Canada,   |c 1994. 
300 0 0 |a 20 p.. 
650 0 0 |a Inorganic compounds --   |z Canada  
651 0 0 |a Canada  
999 |a 0000004978  |b Book  |c Open shelf  |e Business Information Centre